| 000 -LEADER |
| fixed length control field |
01724cam a22003377a 4500 |
| 001 - CONTROL NUMBER |
| control field |
13749136 |
| 003 - CONTROL NUMBER IDENTIFIER |
| control field |
NUST |
| 005 - DATE AND TIME OF LATEST TRANSACTION |
| control field |
20221021113339.0 |
| 008 - FIXED-LENGTH DATA ELEMENTS--GENERAL INFORMATION |
| fixed length control field |
041012s2004 njua b 001 0 eng d |
| 010 ## - LIBRARY OF CONGRESS CONTROL NUMBER |
| LC control number |
2004556958 |
| 020 ## - INTERNATIONAL STANDARD BOOK NUMBER |
| International Standard Book Number |
0471444545 |
| 035 ## - SYSTEM CONTROL NUMBER |
| System control number |
(OCoLC)ocm55689336 |
| 040 ## - CATALOGING SOURCE |
| Original cataloging agency |
GAS |
| Transcribing agency |
GAS |
| Modifying agency |
DLC |
| 042 ## - AUTHENTICATION CODE |
| Authentication code |
lccopycat |
| 082 00 - DEWEY DECIMAL CLASSIFICATION NUMBER |
| Classification number |
620.86,STE |
| Edition number |
22 |
| 100 1# - MAIN ENTRY--PERSONAL NAME |
| Personal name |
Stephans, Richard A. |
| 9 (RLIN) |
101085 |
| 245 10 - TITLE STATEMENT |
| Title |
System safety for the 21st century : |
| Remainder of title |
the updated and revised edition of System safety 2000 / |
| Statement of responsibility, etc. |
Richard A. Stephans. |
| 246 3# - VARYING FORM OF TITLE |
| Title proper/short title |
System safety for the twenty-first century |
| 250 ## - EDITION STATEMENT |
| Edition statement |
Updated and rev. ed. |
| 260 ## - PUBLICATION, DISTRIBUTION, ETC. |
| Place of publication, distribution, etc. |
Hoboken, N.J. : |
| Name of publisher, distributor, etc. |
Wiley-Interscience, |
| Date of publication, distribution, etc. |
c2004. |
| 300 ## - PHYSICAL DESCRIPTION |
| Extent |
xx, 385 p. : |
| Other physical details |
ill. ; |
| Dimensions |
25 cm. |
| 505 ## - FORMATTED CONTENTS NOTE |
| Formatted contents note |
Part.I Introduction to system safety (Page-1), Part.II System safety program planning and management (Page-57), Part.III Analytical Aids (Page-103), Part.IV System safety analysis techniques (Page-147), Part.V Process safety (Page-275), Part.VI Professionalism and professional development (Page-327). |
| 650 #0 - SUBJECT ADDED ENTRY--TOPICAL TERM |
| Topical term or geographic name entry element |
System safety. |
| 9 (RLIN) |
101086 |
| 700 1# - ADDED ENTRY--PERSONAL NAME |
| Personal name |
Stephenson, Joe, |
| Titles and other words associated with a name |
Dr. |
| Title of a work |
System safety 2000. |
| 9 (RLIN) |
101087 |
| 856 41 - ELECTRONIC LOCATION AND ACCESS |
| Host name |
Summary, table of contents and author information available from publisher's website |
| Uniform Resource Identifier |
<a href="http://www.wiley.com/WileyCDA/WileyTitle/productCd-0471444545.html">http://www.wiley.com/WileyCDA/WileyTitle/productCd-0471444545.html</a> |
| 856 41 - ELECTRONIC LOCATION AND ACCESS |
| Materials specified |
Table of contents only |
| Uniform Resource Identifier |
<a href="http://www.loc.gov/catdir/toc/wiley051/2004556958.html">http://www.loc.gov/catdir/toc/wiley051/2004556958.html</a> |
| 856 42 - ELECTRONIC LOCATION AND ACCESS |
| Materials specified |
Contributor biographical information |
| Uniform Resource Identifier |
<a href="http://www.loc.gov/catdir/enhancements/fy0621/2004556958-b.html">http://www.loc.gov/catdir/enhancements/fy0621/2004556958-b.html</a> |
| 856 42 - ELECTRONIC LOCATION AND ACCESS |
| Materials specified |
Publisher description |
| Uniform Resource Identifier |
<a href="http://www.loc.gov/catdir/enhancements/fy0621/2004556958-d.html">http://www.loc.gov/catdir/enhancements/fy0621/2004556958-d.html</a> |
| 906 ## - LOCAL DATA ELEMENT F, LDF (RLIN) |
| a |
7 |
| b |
cbc |
| c |
copycat |
| d |
2 |
| e |
ncip |
| f |
20 |
| g |
y-gencatlg |
| 942 ## - ADDED ENTRY ELEMENTS (KOHA) |
| Source of classification or shelving scheme |
|
| Koha item type |
Book |